| 000 | 00829nam a2200229 i 4500 | ||
|---|---|---|---|
| 001 | 128352 | ||
| 003 | ES-MaACL | ||
| 005 | 20230906193239.0 | ||
| 007 | t| | ||
| 008 | 070625s1970 sp ||||1| spa d | ||
| 080 | _a86-32"19"(082.2) | ||
| 111 | 2 |
_aCertamen Literario de la Hora XXV ( _n12. _d1969. _cBarcelona) _961 |
|
| 245 | 1 | 3 |
_aEl retorno / _c[Dr. Carlos Martinez Bueno...] Selección de novelas premiadas en el XII Certamen Literario de "La Hora XXV". |
| 260 |
_a[Barcelona] : _bLye, _c1970. |
||
| 300 |
_a211 p. ; _c19 cm. |
||
| 490 | 1 |
_aPremios Literarios de la Hora XXV ; _v12 |
|
| 650 | 4 |
_aNovelas cortas españolas- _yS.XX. _915633 |
|
| 700 | 1 |
_aMartínez Bueno, Carlos. _977899 |
|
| 830 | 0 |
_aPremios Literarios de la Hora XXV ; _v12 _9219278 |
|
| 852 |
_aES-MaACL _jC-39754 _bR.73520 |
||
| 999 |
_c128352 _d128352 |
||